000 00780cam a2200253 a 4500
008
020 _a0471162930 (hbk.)
050 0 0 _aT173.8 STI
100 1 _aStix, Gary.
245 1 0 _aWho gives a gigabyte? :
_ba survival guide for the technologically perplexed /
_cGary Stix and Miriam Lacob.
260 _aNew York :
_bJohn Wiley,
_cc1999.
300 _aiv, 300 p. :
_bill. ;
_c25 cm.
504 _aIncludes bibliographical references (p. 291-294
500 _aIncludes index
650 0 _aTechnological innovations.
650 0 _aTechnological literacy.
700 1 _aLacob, Miriam.
907 _a.b10226023
_b23-01-07
_c23-01-07
003
005 20230123134338.0
040 _cNUST
049 _aMAIN
942 _cBOOKS
999 _c164300
_d164300